Responses for show #7830 - Friday, September 28, 2018

Contestants

Barbara Gooby, an executive assistant from Savannah, Georgia

Andrew Knudsen, an environmental lawyer from Washington, D.C.

Evelyn Rubin, a family physician from Toronto, Ontario, Canada (whose 2-day cash winnings total $52,402)

Jeopardy! Round responses

SpaceX
20th CENTURY DECADES
TV CRIMESOLVERS
PARTS OF THE WHOLE
PUB GRUB
3 CONSONANTS, NO VOWELS
    $200 3
oxygen

Evelyn
    $200 28
the '70s

Andrew
    $200 13
(Jane) Rizzoli

Barbara
    $200 1
(Andrew: What is the skeleton?)

a book

EvelynAndrew
    $200 8
sliders

Evelyn
    $200 16
shh

Barbara
    $400 4
Cape Canaveral

Andrew
    $400 14
CSI: Miami

Barbara
    $400 2
a baseball

Andrew
    $400 9
ravioli

Barbara
    $400 17
brr

Andrew
    $600 7
Apollo 17

Andrew
    $1,800 29
[The end-of-round signal sounds.]

the '80s

Andrew
    $600 15
Elementary

Evelyn
    $600 5
(Andrew: What is a piano?)

a phonograph (or turntable)

AndrewBarbara
    $600 10
oysters

Andrew
    $600 18
mmm

Barbara
    $800 22
(Barbara: What's the Saturn?)
(Alex: Be more specific.)
(Barbara: Ooh.)

the Saturn V

AndrewBarbara
    $800 26
the '60s

Barbara
    $800 24
(Alex: Less than a minute now.)

CHiPs

Andrew
    $800 6
(Andrew: What is a grenade?)
(Barbara: What's a seltzer bottle?)

a fire extinguisher

AndrewBarbara
Triple Stumper
    $800 11
(Andrew: What is gumbo?)

jambalaya

AndrewBarbara
    $800 19
nth

Evelyn
    $1000 23
(Evelyn: Who is Major Tom?)

Starman

EvelynBarbara
    $1000 25
(Alex: 1996.)

the '90s

Andrew
    $1000 27
Holly Hunter

Evelyn
    $1000 21
(Andrew: What is an MRI machine?)

microwave

Andrew
Triple Stumper
    $1000 12
aioli

Barbara
    $1000 20
(Evelyn: What is tsk?)
(Barbara: What is grr?)

zzz

EvelynBarbara
Triple Stumper

Scores at the first commercial break (after clue 15):

Evelyn Andrew Barbara
$1,200 -$400 $2,600

Scores at the end of the Jeopardy! Round:

Evelyn Andrew Barbara
$1,000 $3,600 $3,400

Double Jeopardy! Round responses

STATE CAPITAL NEWSPAPERS
COLORFUL LANGUAGE
GO FOR THE GOLD
THE MUSICAL "IDE"
MY WIFE
YOUR SIGNIFICANT AUTHOR
    $400 4
Albany

Andrew
    $400 9
a Redcoat

Andrew
    $400 14
24 karat

Evelyn
    $400 1
the tide

Andrew
    $400 2
Diego Rivera

Evelyn
    $400 22
Hawthorne

Evelyn
    $800 5
(Evelyn: What is Sacramento?)
(Andrew: What is Hilo?)
(Barbara: What is Tallahassee?)

Honolulu

EvelynAndrewBarbara
Triple Stumper
    $800 10
a whitecap

Evelyn
    $800 16
Au

Andrew
    $800 3
the slide guitar

Andrew
    $800 27
(Juan) PerĂ³n

Barbara
    $800 23
Little Fires Everywhere

Triple Stumper
    $1200 6
Indianapolis

Andrew
    $1200 11
a yellow-belly

Andrew
    $1200 17
Fort Knox

Evelyn
    $1200 15
the great wide open

Andrew
    $1200 28
Brigham Young

Barbara
    $1200 24
John Irving

Triple Stumper
    $1600 7
Helena

Evelyn
    $1600 12
silver-tongued

Andrew
    $2,000 20
(Andrew: What is Helsinki?)

Stockholm

Andrew
    $1600 18
stride

Barbara
    $1600 29
Malcolm X

Evelyn
    $1600 25
the Durrells

Barbara
    $2000 8
Des Moines

Andrew
    $2000 13
greenmail

Triple Stumper
    $2000 21
(Andrew: Who is Priam?)

Agamemnon

AndrewBarbara
    $2000 19
(Alex: "Mustang Sally"--"ride, [*].")

Sally Ride

Andrew
    $2,000 30
(Evelyn: Who is Brutus?)

Julius Caesar

Evelyn
    $2000 26
Ayn Rand

Andrew

Scores at the end of the Double Jeopardy! Round:

Evelyn Andrew Barbara
$4,600 $12,800 $9,800

[wagering suggestions for these scores]

Final Jeopardy! Round responses

CLASSIC FILMS
(Alex: [Imitating Marlon Brando] Now the time has come for you to do me a service.)
...
(Alex: [To Evelyn] Yes, Marlon Brando's words.)
EvelynWhat is the Godfather?
$1,500
BarbaraWhat is The Godfather?
$3,800
AndrewWhat is The Godfather
$6,801
The Godfather

Final scores:

Evelyn Andrew Barbara
$6,100 $19,601 $13,600
3rd place: $1,000 New champion: $19,601 2nd place: $2,000

Game dynamics:

Coryat scores:

Evelyn Andrew Barbara
$6,600 $13,600 $9,800
13 R,
4 W
(including 1 DD)
22 R
(including 1 DD),
8 W
(including 1 DD)
15 R,
4 W

Combined Coryat: $30,000

The J! Archive is created by fans, for fans. The Jeopardy! game show and all elements thereof, including but not limited to copyright and trademark thereto, are the property of Jeopardy Productions, Inc. and are protected under law. This website is not affiliated with, sponsored by, or operated by Jeopardy Productions, Inc. Join the discussion at JBoard.tv.